000
00277cam a2200109ua 4500
082
_a
954.04
_b
KRI/IN
100
_a
Krishna Menon, U.K .
_9
1735
245
_a
Indiayum Chinayum Akramanavum /
260
_a
Kodungallur :
_b
Ramanatha Prabhu ,
_c
1964.
300
_a
107 ; .
942
_c
BK
999
_c
702
_d
702